000 00562nam a2200205Ia 4500
005 20260429112106.0
008 260429s9999||||xx |||||||||||||| ||und||
020 _a9781138585607
041 _aEnglish
082 _a070.4497
_bWAL
100 _aWalker, Katherine
245 0 _aInterpreting music, engaging culture :
_ban introduction to music criticism /
_cKatherine Walker
250 _a1st ed.
260 _aNew York :
_bRoutledge,
_c2025.
300 _axii, 192 p.; pbk
650 _a Art
650 _a Engagement
650 _aMusic
942 _cTB
999 _c52308
_d52308